000 00455nam a2200181Ia 4500
008 100917s9999 xx 000 0 und d
082 _b49016
100 _aगोखले अरविंद
245 _aकमळण
260 _bपुणे साहित्य वितरण
_c1981
300 _a186
365 _b22
520 _aकथा
630 _aकमळण
650 _aकथा
730 _aकमळण
942 _cBOOK
999 _c654410
_d654407